Guía consultorio de la industria textil / (Record no. 74823)

MARC details
000 -LEADER
campo de control de longitud fija 00514nam a2200169 i 4500
001 - NÚMERO DE CONTROL
campo de control 74823
003 - IDENTIFICADOR DE NÚMERO DE CONTROL
campo de control ES-MaACL
005 - FECHA Y HORA DE LA ÚLTIMA TRANSACCIÓN
campo de control 20230906172246.0
007 - CAMPO FIJO DE DESCRIPCIÓN FÍSICA--INFORMACIÓN GENERAL
campo de control de longitud fija t|
008 - DATOS DE LONGITUD FIJA--INFORMACIÓN GENERAL
campo de control de longitud fija 040921q1948 sp ||||1| spa d
100 1# - ENTRADA PRINCIPAL--NOMBRE DE PERSONA
Nombre de persona Graneri, José Pascual.
9 (RLIN) 59625
245 10 - MENCIÓN DEL TÍTULO
Título Guía consultorio de la industria textil /
Mención de responsabilidad, etc. José Pascual Graneri.
250 ## - MENCION DE EDICION
Mención de edición [texto bilingüe, español e inglés].
260 ## - PUBLICACIÓN, DISTRIBUCIÓN, ETC.
Lugar de publicación, distribución, etc. Barcelona :
Nombre del editor, distribuidor, etc. Ariel,
Fecha de publicación, distribución, etc. [1948?]
300 ## - DESCRIPCIÓN FÍSICA
Extensión CXC, 354 p. :
Otras características físicas il. ;
Dimensiones 27 cm.
852 ## - LOCALIZACIÓN
Ubicación ES-MaACL
Número de control de estantería C-5243
Sublocalización o colección R.25824
Holdings
Estatus retirado Estado de pérdida Estado de daño No para préstamo Biblioteca de origen Biblioteca actual Ubicación en estantería Fecha de adquisición Fuente de adquisición Total de préstamos Signatura topográfica completa Código de barras Visto por última vez Precio de reemplazo Tipo de ítem Koha
        Biblioteca del Ateneo de Madrid Biblioteca del Ateneo de Madrid Sala Palomar 17/01/2008     C-5243 1078321 23/02/2023 23/02/2023 Libro impreso